Normal view
MARC view
Entry Personal Name
001 - CONTROL NUMBER
- control field: 17839
003 - CONTROL NUMBER IDENTIFIER
- control field: BD-RjUL
005 - DATE AND TIME OF LATEST TRANSACTION
- control field: 20260301120348.0
008 - FIXED-LENGTH DATA ELEMENTS
- fixed length control field: 260301|| aca||aabn | a|a d
040 ## - CATALOGING SOURCE
- Original cataloging agency: BD-RjUL
- Transcribing agency: BD-RjUL
100 ## - HEADING--PERSONAL NAME
- Personal name: Miner, Gary
670 ## - SOURCE DATA FOUND
- Source citation: Work cat.: (BD-RjUL)86233: Practical data analytics for innovation in medicine :